Ernie harwells diamond gems / (Record no. 206289)

MARC details
000 -LEADER
fixed length control field 00716nam a2200241Ia 4500
003 - CONTROL NUMBER IDENTIFIER
control field OSt
005 - DATE AND TIME OF LATEST TRANSACTION
control field 20260401091155.0
008 - FIXED-LENGTH DATA ELEMENTS--GENERAL INFORMATION
fixed length control field 210716s1991 xx 000 0 und d
020 ## - INTERNATIONAL STANDARD BOOK NUMBER
International Standard Book Number 9780961872670
040 ## - CATALOGING SOURCE
Transcribing agency AIMIT LIBRARY
041 ## - LANGUAGE CODE
Language code of text/sound track or separate title eng
082 ## - DEWEY DECIMAL CLASSIFICATION NUMBER
Classification number 374.22
Edition number 1
Item number HARE
100 ## - MAIN ENTRY--PERSONAL NAME
Personal name Harwell, Ernie.
9 (RLIN) 259924
245 ## - TITLE STATEMENT
Title Ernie harwells diamond gems /
Statement of responsibility, etc. By Ernie Harwell, Edited by Ernie Harwell.
250 ## - EDITION STATEMENT
Edition statement 1st ed
260 ## - PUBLICATION, DISTRIBUTION, ETC.
Place of publication, distribution, etc. Michigan :
Date of publication, distribution, etc. 1991.
Name of publisher, distributor, etc. Momentum Books, Ltd ,
300 ## - PHYSICAL DESCRIPTION
Extent xvi,220p. ;
Other physical details PB
Dimensions 22 cm
650 ## - SUBJECT ADDED ENTRY--TOPICAL TERM
Topical term or geographic name entry element Fan fare
9 (RLIN) 259925
650 ## - SUBJECT ADDED ENTRY--TOPICAL TERM
Topical term or geographic name entry element Diamonds in the rough
9 (RLIN) 259926
650 ## - SUBJECT ADDED ENTRY--TOPICAL TERM
Topical term or geographic name entry element Throwing smoke
9 (RLIN) 259927
700 ## - ADDED ENTRY--PERSONAL NAME
Personal name Ernie Harwell.
9 (RLIN) 259928
942 ## - ADDED ENTRY ELEMENTS (KOHA)
Source of classification or shelving scheme Dewey Decimal Classification
Koha item type Book
Edition 1st
Call number prefix 374.22 HARE
Holdings
Withdrawn status Lost status Source of classification or shelving scheme Damaged status Not for loan Collection code Home library Current library Date acquired Inventory number Total Checkouts Full call number Barcode Date last seen Price effective from Koha item type
    Dewey Decimal Classification     MBA St Aloysius Institute of Management & Information Technology St Aloysius Institute of Management & Information Technology 02/14/2011 Bill no:; Bill dt:1900-01-00   374.22 HARE MBA08855 05/23/2026 07/16/2021 Book